000 00275nam a22001337a 4500
008 170505b xxu||||| |||| 00| 0 eng d
020 _a9781587781766
041 _aeng
080 _a34
100 _a14
101 _aSHJ
245 _aEVIDENCE
_cFISHER.G
942 _2udc
_cBK
999 _c12796
_d12796